1429 1105 1885 1069 1613 1063 1575 1578 1758 1981 1520 1528 1153 1975 1996 1065 1995 1304 1549 1144 1377 1318 1039 1755 1809 1358 1858 1715 1484 1559 1045 1905 1796 1920 1584 1506 1271 1912 1720 1107 1403 1856 1352 1270 1261 1316 1453 1346 1430 1593 1329 1974 1924 1910 1553 1170 1483 1215 1598 1672 1315 1165 1209 1016 1777 1652 1709 1705 1511 1274 1632 1018 1472 1951 1720 1929 1611 1803 1605 1459 1429 1488 1736 1770 1808 1311 1489 1555 1564 1031 1128 1317 1053 1560 1940 1040 1129 1507 1721 BCNSPRNW ULIB Ver.6.0+V

เปลี่ยนเป็นภาษาไทย

Change to English
 แสดงรายละเอียดบรรณานุกรม
  กลับหน้าหลัก

Brief Record : Get Marc (ISO 2709) : E-mail record : QR code < ปิดหน้าต่าง
LEADER : 00000nam 2200000uu 4500
001    13399112747
003     ULIB
008    110908s2551||||th 000 0 tha d
020    9789749491676
050 04 LB1028^bพ769ว 2551
100 0  พิสณุ ฟองศรี
245 10 วิจัยชั้นเรียน :^bหลักการและเทคนิคปฏิบัติ /^cพิสณุ ฟองศรี
250    พิมพ์ครั้งที่ 5
260    กรุงเทพฯ :^bพรอพเพอร์ตี้พริ้นท์,^c2551
300    254 หน้า :^bตาราง
504    บรรณานุกรม: หน้า [213]-217
650  7 วิจัยเชิงปฏิบัติการทางการศึกษา
650  7 ชั้นเรียน^xวิจัย
945    ^p180^l0^i027090
995    ทศพร
999 ^a ทศพร
รายการนี้ยังไม่มีแท็ก
คุณยังไม่ได้ล็อกอิน คุณสามารถมีกิจกรรมร่วมกับเว็บไซต์ได้ แต่ต้องล็อกอินก่อน ::
  ล็อกอิน

รายการสื่อสารสนเทศ

ลำดับที่ ประเภท เลขเรียก/บาร์โค้ด สถานที่ สถานะ
- ไม่พบข้อมูล -

รายการใกล้เคียง
    ผู้แต่ง [พิสณุ ฟองศรี]

    หัวเรื่อง [วิจัยเชิงปฏิบัติการทางการศึกษา]

BibComment


ยังไม่เคยถูกคอมเมนท์

คอมเมนท์ทรัพยากรรายการนี้
  คอมเมนท์: วิจัยชั้นเรียน ห..


 Copyright 2026. Bcnsprnw @Library